000 00397nam a2200169 4500
020 _a9789357325073
082 _aM3
_bAKH/O
100 _aAkhil P Dharmajan
245 _aOjo board/
_cby Akhil P Dharmajan
250 _a19
260 _aKottayam:
_bD C Books,
_c2026.
300 _a207p.
650 _aNovel Malayalam
650 _aLiterature Malayalam
650 _aLiterature
942 _cBK
999 _c181749
_d181749